<?xml version="1.0" encoding="UTF-8"?>
<marc:record xmlns:marc="http://www.loc.gov/MARC21/slim">
   <marc:leader>00000nam a2200000 a 4500</marc:leader>
   <marc:datafield ind1=" " ind2=" " tag="653">
      <marc:subfield code="a">Fitness</marc:subfield>
   </marc:datafield>
   <marc:datafield ind1=" " ind2=" " tag="653">
      <marc:subfield code="a">DVD</marc:subfield>
   </marc:datafield>
   <marc:datafield ind1=" " ind2=" " tag="653">
      <marc:subfield code="a">Fitnesstraining</marc:subfield>
   </marc:datafield>
   <marc:datafield ind1="0" ind2="0" tag="245">
      <marc:subfield code="a">Ich bin dann mal schlank</marc:subfield>
   </marc:datafield>
   <marc:datafield ind1="0" ind2="0" tag="245">
      <marc:subfield code="b">die Fitness-DVD zur Erfolgsmethode von Patric Heizmann!</marc:subfield>
   </marc:datafield>
   <marc:datafield ind1=" " ind2="1" tag="264">
      <marc:subfield code="b">riva</marc:subfield>
      <marc:subfield code="c">2011</marc:subfield>
   </marc:datafield>
   <marc:datafield ind1="1" ind2=" " tag="520">
      <marc:subfield code="a">Ob Einsteiger oder leidenschaftlicher Hobbysportler - die Fitness-DVD holt Sie da ab, wo Sie stehen. Ein Fitnesstest am Anfang verrät Ihnen, wie es um Ihre Kondition bestellt ist, und sorgt so dafür, dass Sie Ihr Training auf dem richtigen Level beginnen. Das progressive 4+4-Wochen-Intensivprogramm verbessert sowohl Kraft und Ausdauer als auch Koordination und Beweglichkeit. Besonders das ergänzende Ernährungsprogramm ist Gold wert. </marc:subfield>
   </marc:datafield>
</marc:record>
